LEADER 01367nam 2200373 450 001 000000914 005 20050718115000.0 100 $a--------d1952----km-y0itay0103----ba 101 0 $aita 102 $aIT 200 1 $aDonne... Donne...$b(rime)$fMichele Rigillo$gCopertina del pittore Lamberto Camerini 210 $aTorino$bVia Maria Vittoria, 46$cEdoardo Garello editore$d1952$gA. G. I. T. Arti Grafiche Italiane Torino 215 $a56 p.$d22 cm 225 1 $aQuadernetti de "IL flauto magico"$fa cura di Edoardo Garello$vN. 4 303 $aSulla quarta di cop. pubblicità editoriale e prezzo: "L. 250" 700 1$aRigillo,$bMichele$0438376 801 0$aIT$bUniversità della Basilicata - B.I.A.$gRICA$2unimarc 912 $a000000914 996 $aDonne... Donne..$970877 997 $aUNIBAS BAS $aMONLET BAS $aMONOGR BAS $aLETTERE CAT $aGINO$b01$c19990629$lBAS01$h1159 CAT $c20000913$lBAS01$h1424 CAT $c20000920$lBAS01$h1828 CAT $c20001010$lBAS01$h1631 CAT $c20050601$lBAS01$h1752 CAT $abatch$b01$c20050718$lBAS01$h1047 CAT $c20050718$lBAS01$h1106 CAT $c20050718$lBAS01$h1136 CAT $c20050718$lBAS01$h1150 FMT Z30 -1$lBAS01$LBAS01$mBOOK$1BASA1$APolo Storico-Umanistico$2FDEP$BFondo De Pilato$3FD/1850$6092110$5D1850$820031017$f52$FRari